| 000 | 01062cam a2200169 4500500 | ||
|---|---|---|---|
| 005 | 20260405001233.0 | ||
| 041 | _afre | ||
| 042 | _adc | ||
| 100 | 1 | 0 |
_aLojou-Julien, Chantal _eauthor |
| 700 | 1 | 0 |
_aBalas, Judith _eauthor |
| 245 | 0 | 0 | _aLa formación de directivos y mandos intermedios, un espacio para experimentar con la controversia |
| 260 | _c2025. | ||
| 500 | _a16 | ||
| 520 | _aComo responsables de la formación de directivos, las dos autoras analizan la desaparición de las reuniones de síntesis en los centros medicosociales, en relación con el peso de las normas y los nuevos modos de organización. Demuestran la absoluta necesidad de crear espacios para la controversia y la conflictualización, con el fin de alcanzar consensos. Se da prioridad al tiempo dedicado a la formación para que los directivos perciban su pertinencia en el desempeño de sus responsabilidades. | ||
| 786 | 0 | _nEmpan | 140 | 4 | 2025-11-25 | p. 103-111 | 1152-3336 | |
| 856 | 4 | 1 | _uhttps://shs.cairn.info/revista-empan-2025-4-page-103?lang=es&redirect-ssocas=7080 |
| 999 |
_c2045464 _d2045464 |
||